L'unita mediterranea (Record no. 47140)
[ view plain ]
| 000 -LEADER | |
|---|---|
| campo de control de longitud fija | 00786nam a2200193 i 4500 |
| 001 - NÚMERO DE CONTROL | |
| campo de control | 47140 |
| 003 - IDENTIFICADOR DE NÚMERO DE CONTROL | |
| campo de control | ES-MaACL |
| 005 - FECHA Y HORA DE LA ÚLTIMA TRANSACCIÓN | |
| campo de control | 20230906161518.0 |
| 007 - CAMPO FIJO DE DESCRIPCIÓN FÍSICA--INFORMACIÓN GENERAL | |
| campo de control de longitud fija | t| |
| 008 - DATOS DE LONGITUD FIJA--INFORMACIÓN GENERAL | |
| campo de control de longitud fija | 030403s1953 it ||||1| ita d |
| 111 2# - ENTRADA PRINCIPAL--NOMBRE DE CONGRESO/REUNIÓN | |
| Nombre de congreso/reunión o jurisdicción como elemento de entrada | Convegno Internazionale di Studi Mediterranei ( |
| Número del congreso/reunión o número de parte o sección | 1º. |
| Fecha del congreso o de la firma del tratado | 1951. |
| Sede del congreso/Lugar de la reunión | Palermo) |
| 9 (RLIN) | 592 |
| 245 12 - MENCIÓN DEL TÍTULO | |
| Título | L'unita mediterranea |
| Resto del título | : atti del Primo Convegno internazionale di studi mediterranei / |
| Mención de responsabilidad, etc. | Gianfranco Alliata ; recolti e ordinati da Armando Troni. |
| 250 ## - MENCION DE EDICION | |
| Mención de edición | 2ª ed. sterotipa riservata alle Commissioni Nazionali dell'Unesco. |
| 260 ## - PUBLICACIÓN, DISTRIBUCIÓN, ETC. | |
| Lugar de publicación, distribución, etc. | Palermo : |
| Nombre del editor, distribuidor, etc. | Academia del Mediterráneo, |
| Fecha de publicación, distribución, etc. | 1953 ( |
| Fabricante | A. Priulla) |
| 300 ## - DESCRIPCIÓN FÍSICA | |
| Extensión | XI, 246 p., 2 lám. ; |
| Dimensiones | 31 cm. |
| 700 1# - ENTRADA AGREGADA--NOMBRE PERSONAL | |
| Nombre de persona | Alliata, Gianfranco. |
| 9 (RLIN) | 20036 |
| 700 1# - ENTRADA AGREGADA--NOMBRE PERSONAL | |
| Nombre de persona | Troni, Armando. |
| 9 (RLIN) | 111507 |
| 852 ## - LOCALIZACIÓN | |
| Ubicación | ES-MaACL |
| Número de control de estantería | C-10740 |
| Sublocalización o colección | R.36381 |
| Estatus retirado | Estado de pérdida | Estado de daño | No para préstamo | Biblioteca de origen | Biblioteca actual | Ubicación en estantería | Fecha de adquisición | Fuente de adquisición | Total de préstamos | Signatura topográfica completa | Código de barras | Visto por última vez | Precio de reemplazo | Tipo de ítem Koha |
|---|---|---|---|---|---|---|---|---|---|---|---|---|---|---|
| Biblioteca del Ateneo de Madrid | Biblioteca del Ateneo de Madrid | Sala Palomar | 17/01/2008 | C-10740 | 1049584 | 23/02/2023 | 23/02/2023 | Libro impreso |
